| 000 | 00598nam a22001937a 4500 | ||
|---|---|---|---|
| 005 | 20251108165457.0 | ||
| 008 | 250721s1998 xx 000 0 ara d | ||
| 082 | 1 | 4 | _aم/956.504/نبا |
| 100 | 1 |
_aالخماش، نبال _eمؤلف |
|
| 245 | 1 | 0 | _aمقدمة في الخطاب السياسي الأردني إستنادا للنطق السامي 1952-1998 / |
| 264 | 1 |
_aعمان : _c1998. |
|
| 300 | _aج1. | ||
| 650 | 1 | 7 | _aالتاريخ السياسي |
| 650 | 1 | 7 | _aالخطب السياسية |
| 650 | 1 | 7 | _aالأردن |
| 650 | 1 | 7 | _aالملوك |
| 942 |
_2ddc _cREF |
||
| 999 |
_c28840 _d28840 |
||